[Event "NZL-ch U08/14"]
[Site "Howick"]
[Date "2011.07.27"]
[Round "3"]
[White "Jiang, Rocky"]
[Black "Geng, Karen Jing Yi"]
[Result "1-0"]
[WhiteElo "1070"]
[BlackElo "1279"]
[PlyCount "101"]
[EventDate "2011.07.29"]
[EventType "swiss"]
[EventRounds "7"]
[EventCountry "NZL"]
[SourceTitle "EXT 2018"]
[Source "ChessBase"]
[SourceDate "2017.10.13"]
[SourceVersion "1"]
[SourceVersionDate "2017.10.13"]
[SourceQuality "1"]

1. e4 d5 2. exd5 Nf6 3. Nc3 Nxd5 4. Nxd5 Qxd5 5. Nf3 e5 6. Be2 Nc6 7. 0-0 Bf5 8. Re1 f6 9. d4 0-0-0 10. c4 Qd7 11. d5 Nb4 12. Rf1 Bd6 13. a3 Na6 14. b4 e4 15. Nd4 Be5 16. Bb2 Bxd4 17. Bxd4 c6 18. Bxa7 g5 19. f3 exf3 20. Rxf3 Bg4 21. Rxf6 Bxe2 22. Qxe2 Qc7 23. Qe3 Rhe8 24. Re6 Qg7 25. Re1 Nc7 26. Re4 Rxe4 27. Qxe4 Re8 28. Qf5+ Qd7 29. Qxd7+ Kxd7 30. Rxe8 Nxe8 31. dxc6+ Kxc6 32. Bc5 b5 33. cxb5+ Kxb5 34. Kf2 Nc7 35. Ke3 Ka4 36. Kd4 Nb5+ 37. Ke5 Nxa3 38. Kf5 h6 39. Kg4 Nc4 40. Kh5 Ne5 41. Kxh6 Ng4+ 42. Kxg5 Nxh2 43. g4 Nf3+ 44. Kf4 Nh4 45. g5 Ng6+ 46. Kf5 Nh4+ 47. Ke4 Ng6 48. Kf5 Nh4+ 49. Kf6 Kb5 50. g6 Nxg6 51. Kxg6 1-0